000 00196 a2200097 4500
001 47930
100 _aBrow W N
245 _a
260 _aLahore
_bSind Sagar academy
_c
090 _c30925
_d30925
942 _aNUST-CAE
_cM
_c23253
999 _c283003
_d283003